ბათუმის შოთა რუსთაველის სახელმწიფო უნივერსიტეტის ბიბლიოთეკა

თხზულებანი. პარაპეტი : (ბიბ.ჩანაწერი № 62661)

000 -ლიდერი
ფიქსირებული სიგრძის საკონტროლო ველი 01699nam a22002777a 4500
003 - საკონტროლო ნომრის იდენტიფიკატორი
საკონტროლო ველი Ge_BSU
005 - ბოლო ოპერაციის თარიღი და დრო
საკონტროლო ველი 20250120140301.0
008 - ფიქსირებული სიგრძის მონაცემთა ელემენტები - ზოგადი ინფორმაცია
ფიქსირებული სიგრძის საკონტროლო ველი 250120s2024 ge ||||| |||| 00| 0 geo d
020 ## - წიგნის საერთაშორისო სტანდარტული ნომერი
International Standard Book Number 9789941856600
041 ## - ენის კოდი
Language code of text/sound track or separate title geo
080 ## - უნივერსალური ათობითი კლასიფიკაციის ინდექსი
Universal Decimal Classification number 821.353.1-6 წ-39
100 ## - მთავარი ჩანაწერი - პიროვნების სახელი
Personal name წერედიანი, დავით
9 (RLIN) 24067
245 ## - ცნობა სათაურის შესახებ
Title თხზულებანი. პარაპეტი :
Remainder of title ლექსები. 1 /
Statement of responsibility, etc დავით წერედიანი; ავტ. და მთავ რედ. ა. ბედუკიძე; რედ. ი. ამირხანაშვილი, ლ. თითმერია, ვ. უსანეთაშვილი, რ. ჩხეიძე, უ. შერაზადიშვილი; ტომის რედ. ი. ამირხანაშვილი.
264 ## - წარმოების, გამოცემის, დისტრიბუციის და სხვა ცნობები
გამოცემის, წარმოების, დისტრიბუციის... ადგილი თბილისი :
გამოცემის, წარმოების, დისტრიბუციის... სახელწოდება ილიას ფონდი,
გამოცემის, წარმოების, დისტრიბუციის... თარიღი 2024.
300 ## - ფიზიკური აღწერა
Extent 600 გვ. ;
Other physical details 21 სმ.
653 ## - INDEX TERM--UNCONTROLLED
Uncontrolled term თხზულებანი
653 ## - INDEX TERM--UNCONTROLLED
Uncontrolled term ლექსები
700 ## - ADDED ENTRY--PERSONAL NAME
Personal name ბედუკიძე, ა.
Relator term მთ. რედაქტორი
9 (RLIN) 24068
700 ## - ADDED ENTRY--PERSONAL NAME
Personal name ამირხანაშვილი, ი.
Relator term რედაქტორი
9 (RLIN) 24069
700 ## - ADDED ENTRY--PERSONAL NAME
Personal name თითმერია, ლ.
Relator term რედაქტორი
9 (RLIN) 24070
700 ## - ADDED ENTRY--PERSONAL NAME
Personal name უსანეთაშვილი, ვ.
Relator term რედაქტორი
9 (RLIN) 24071
700 ## - ADDED ENTRY--PERSONAL NAME
Personal name ჩხეიძე, რ.
Relator term რედაქტორი
9 (RLIN) 24072
700 ## - ADDED ENTRY--PERSONAL NAME
Personal name შერაზადიშვილი, უ.
Relator term რედაქტორი
9 (RLIN) 24073
700 ## - ADDED ENTRY--PERSONAL NAME
Personal name ამირხანაშვილი, ი
Relator term ტომის რედ.
9 (RLIN) 24074
942 ## - ADDED ENTRY ELEMENTS (KOHA)
Source of classification or shelving scheme
Koha item type წიგნი
ეგზემპლარები
ჩამოწერის სტატუსი დაკარგული ეგზემპლარის სტატუსი კლასიფიკაციის წყარო ან თაროზე გაწყობის სქემა დაზიანების სტატუსი არ გაიცემა მუდმივი მდებარეობა (დაცვის ადგილი) ამჟამინდელი ადგილსამყოფელი თაროზე განთავსების ადგილი შეძენის თარიღი ღირებულება, შესყიდვის ნორმალური ფასი სრული შენახვის შიფრი შტრიხკოდი ბოლო ოპერაციის თარიღი ეგზემპლარის მიმდევრობითი ნომერი (კეტერი?) ფასის ძალაში შესვლის თარიღი ეგზემპლარის სახეობა საჯარო შენიშვნა
          ბათუმის შოთა რუსთაველის სახელმწიფო უნივერსიტეტის მთავარი ბიბლიოთეკა ბათუმის შოთა რუსთაველის სახელმწიფო უნივერსიტეტის მთავარი ბიბლიოთეკა წიგნსაცავი 2025-01-20 25.00 821.353.1-6 წ-39 70351 2025-01-20 70351 2025-01-20 წიგნი 25 ლ.